Ładuje się......

Akhir voh ek nadi thi /

Opis bibliograficzny
1. autor: Damaodar Khadse
Format: Printed Book
Język:Hindi
Wydane: Kannur : Disa , 1990.
Hasła przedmiotowe:
LEADER 00476nam a2200145Ia 4500
008 150624b xxu||||| |||| 00| 1 hin d
082 |a 863.71K6 
100 |a Damaodar Khadse 
245 |c Damaodar Khadse  |a Akhir voh ek nadi thi / 
260 |a Kannur :  |b Disa ,  |c 1990. 
546 |a In Hindi. 
650 |v Fiction 
942 |c BK 
999 |c 92428  |d 92428 
952 |0 0  |1 0  |4 0  |6 863_000000000000000_71K6_AAK_H  |7 0  |9 92370  |a UL  |b UL  |c ST1  |d 1998-09-15  |l 0  |o 863.71K6 AAK H  |p 65923  |r 2012-10-27  |w 2012-10-27  |y BK